000 01207nam a2200265Ia 4500
999 _c53204
_d53204
001 20245
003 GE_BSU
005 20200701120434.0
008 181216s1995||||ge |||||||||||||| ||geo||
020 _a5-505-00965-4
040 _cGE_BSU
041 _ageo
080 _a81(479.22)(09) ფ-85
100 _aფოცხიშვილი, ალექსანდრე
_97813
245 _aქართული ენათმეცნიერების ისტორია წ. 1. /
_cალექსანდრე ფოცხიშვილი ; რედ. კ. დანელია.
264 _aთბილისი :
_b[გ.გ.],
_c1995.
300 _a640 გვ. ;
_c20 სმ.
504 _aბიბლიოგრაფია ტექსტის შენიშვნებში
541 _h15 ლ.
653 _aენათმეცნიერების ისტორია საქართველოში
653 _aქართული ენა
653 _aქართული ენათმეცნიერების ისტორია
700 _aდანელია, კ.
_eრედაქტორი
_97767
942 _cBK
_2udc